| 000 | 00673cab a2200205 4500 | ||
|---|---|---|---|
| 001 | WB2630-42 | ||
| 008 | 090401t1990 xxu||||| |||| 00| 0 eng d | ||
| 035 | _a(Sirsi) u29265 | ||
| 041 | _aeng | ||
| 245 | _aGroundwater levels in Birmingham | ||
| 260 | _c1990 | ||
| 350 | _a0 | ||
| 490 |
_aCIRIA News _v(3) 1990, 1 |
||
| 520 | _aCIRIA has engaged chartered minerals surveyors , Johnson Poole and Bloomer , to investigate the effect of rising groundwater levels in Birmingham now that abstraction rates are lower than natural recharge. | ||
| 650 |
_aEnvironment _96238 |
||
| 650 | _aUNIVERSITY OF BIRMINGHAM | ||
| 690 | _aWATER | ||
| 942 | _n0 | ||
| 948 | _c04/03/1997 | ||
| 999 |
_c19707 _d19707 |
||